000
00318nam a22001457a 4500
008
210308b ||||| |||| 00| 0 eng d
020
_a
9781305511071
041
_a
eng
080
_2
5th
_a
33
082
_a
33
100
_a
59
101
_a
BIZ
245
_a
Foundations of Business
_c
Pride, W. M
942
_2
udc
_c
BK
999
_c
55937
_d
55937